000 00775nam a2200253 a 4500
005 20140310183351.0
008 070626s19uu xx 00 eng d
020 _a0131858572
050 _aHD 58.9
_b.B343 2006
100 _aBaker, Dan
245 _aWhat happy companies know :
_bhow the science of happiness can change your company for the better /
_cDan Baker.
260 _aUpper Saddle River, New Jersey :
_bPrentice Hall,
_c2006.
300 _a298 p. :
_c25 cm.
521 _aBSBA
650 _aOrganizational effectiveness.
650 _aOrganizational sociology.
650 _aLeadership.
650 _aCorporate culture.
700 _aGreenberg, Cathy
700 _aHemingway, Collins
942 _cBK
_2lcc
_kFOR
999 _c22080
_d22080